000 00571nam a2200181Ia 4500
008 090123s9999 xx 000 0 und d
082 _b21948
_a923.254/वागळे
100 _aवागळे वि.द.
245 _aकाटेरी फुलोरा
250 _a1
260 _bपुष्पक प्रकाशन
_c1993
300 _a271
600 _aवागळे वि.द.
630 _aकाटेरी फुलोरा
700 _aवागळे वि.द.
730 _aकाटेरी फुलोरा
942 _cBOOK
999 _c60020
_d60020